000
00375nam a2200169Ia 4500
003
0STCL
008
150530s9999 xx 000 0 und d
040
_a
STCL
_c
STCL
100
_a
Jacobson, N.
245
_a
Lectures in abstract algebra vol I
250
_a
First
260
_c
1951
546
_a
English
942
_2
ddc
_c
BK
999
_c
21796
_d
21796
005
20220125165927.0